000 00246 a2200109 4500
001 63369
082 _a005.133 ONE
090 _c37420
_d37420
100 _aO'Niel , J
245 _aVisual Interdev 6
_hEnglish
260 _bOsborne, Mcgraw Hill
942 _aCAE NUST
_k005.133 ONE
999 _c298442
_d298442